[Event "Xtracon Chess Open 2017"]
[Site "Helsingor DEN"]
[Date "2017.07.30"]
[Round "10.175"]
[White "Nielsen, Leo Kresten Roland"]
[Black "Aasen, Joakim"]
[Result "0-1"]
[WhiteElo "1688"]
[BlackElo "1386"]
[WhiteFideId "1426095"]
[BlackFideId "1539078"]
[EventDate "2017.07.22"]

1. e4 e6 2. Nf3 d5 3. exd5 exd5 4. d4 Bd6 5. Bd3 Nc6 6. O-O Nge7 7. c3 Bg4 8.
Be3 Qd7 9. Nbd2 O-O-O 10. Be2 Nf5 11. Ne5 Bxe2 12. Qxe2 Bxe5 13. dxe5 Nxe3 14.
Qxe3 Rhe8 15. f4 f6 16. Nf3 Re7 17. Nd4 fxe5 18. Nxc6 Qxc6 19. fxe5 Qb6 20. Qxb6
cxb6 21. Rae1 g6 22. Rf6 Kc7 23. Kf2 Rde8 24. e6 Kd6 25. Kg3 Rxe6 26. Rexe6+
Rxe6 27. Rf7 Re7 28. Rxe7 Kxe7 29. Kf4 Kf6 30. h4 h6 31. g4 Ke6 32. b4 b5 33. h5
g5+ 34. Kf3 Ke5 35. Ke3 b6 36. a3 a5 37. Kd3 axb4 38. axb4 Kf4 39. Kd4 Kxg4 40.
Kxd5 Kxh5 41. Kc6 g4 42. Kxb6 g3 43. Kxb5 g2 44. c4 g1=Q 45. c5 Qg8 46. c6 Qb8+
47. Kc5 Kg6 48. b5 Kf6 49. b6 Ke6 50. Kb5 Kd6 51. c7 Qb7 0-1

[Event "Xtracon Chess Open 2017"]
[Site "Helsingor DEN"]
[Date "2017.07.30"]
[Round "10.176"]
[White "Leonhardsen, Vebjorn Maanum"]
[Black "Larsen, Mette Dalsgaard"]
[Result "1/2-1/2"]
[WhiteElo "1443"]
[BlackElo "1679"]
[WhiteFideId "1539515"]
[BlackFideId "1430718"]
[EventDate "2017.07.22"]

1. e4 e6 2. d4 d5 3. Nd2 dxe4 4. Nxe4 Nf6 5. Bd3 Nbd7 6. c3 Be7 7. Nxf6+ Nxf6 8.
Nf3 O-O 9. O-O c5 10. Bg5 Qc7 11. h3 Rd8 12. Be2 b6 13. Qc1 Bb7 14. dxc5 Qxc5
15. a4 Rac8 16. Be3 Qc7 17. Bf4 Qc6 18. Bb5 Qe4 19. Re1 Qg6 20. Be2 Nd5 21. Bg3
Bc5 22. Qg5 Qxg5 23. Nxg5 Nf6 24. Bf3 Bxf3 25. Nxf3 Rd3 26. Kf1 Rcd8 27. Bh4 Be7
28. Bxf6 Bxf6 29. Ke2 R3d5 1/2-1/2

[Event "Xtracon Chess Open 2017"]
[Site "Helsingor DEN"]
[Date "2017.07.30"]
[Round "10.178"]
[White "Hestholm, Gustav"]
[Black "Sather, Lars"]
[Result "0-1"]
[WhiteElo "1379"]
[BlackElo "1661"]
[WhiteFideId "1529153"]
[BlackFideId "1501712"]
[EventDate "2017.07.22"]

1. e4 c6 2. d4 d5 3. exd5 cxd5 4. c4 Nc6 5. Nf3 Nf6 6. Nc3 Bg4 7. cxd5 Nxd5 8.
Nxd5 Qxd5 9. Be2 e6 10. O-O Bd6 11. h3 Bh5 12. Be3 Rd8 13. Qb3 Bc7 14. Qxd5 Rxd5
15. Rac1 O-O 16. Rfd1 Bb6 17. Rc2 Nb4 18. Rc4 Nc6 19. g4 Bg6 20. Nh4 h6 21. Bf3
Rb5 22. Bxc6 bxc6 23. Nxg6 fxg6 24. b3 Rd5 25. Rxc6 e5 26. Rxg6 Kh7 27. Re6 exd4
28. Bd2 Rf3 29. Kg2 Rd3 30. Rc6 Rc5 31. Rxc5 Bxc5 32. Kf1 Rxh3 33. Rc1 Bb6 34.
f4 Rg3 35. g5 hxg5 36. fxg5 d3 37. g6+ Rxg6 38. Bg5 Rxg5 39. Ke1 Be3 0-1

[Event "Xtracon Chess Open 2017"]
[Site "Helsingor DEN"]
[Date "2017.07.30"]
[Round "10.179"]
[White "Norevall, Ulf"]
[Black "Sundin, Sven-Ingvar"]
[Result "1-0"]
[WhiteElo "1769"]
[BlackElo "1607"]
[WhiteFideId "1705555"]
[BlackFideId "1724517"]
[EventDate "2017.07.22"]

1. d4 d5 2. c4 c6 3. Nf3 dxc4 4. e3 b5 5. a4 e6 6. axb5 cxb5 7. b3 Bb4+ 8. Bd2
Bxd2+ 9. Qxd2 a5 10. bxc4 b4 11. Bd3 Nf6 12. O-O O-O 13. Qc2 Nc6 14. Nbd2 Qc7
15. e4 h6 16. e5 Nd7 17. Ne4 f6 18. exf6 Nxf6 19. Rfe1 Nxe4 20. Bxe4 Ra7 21. d5
Ne7 22. dxe6 Bxe6 23. Bh7+ Kf7 24. Ne5+ Ke8 25. Ng6 Rf6 26. Qa4+ Kd8 27. Rad1+
Kc8 28. Qe8+ Kb7 29. Nxe7 a4 30. Be4+ Kb6 31. Qb5# 1-0

[Event "Xtracon Chess Open 2017"]
[Site "Helsingor DEN"]
[Date "2017.07.30"]
[Round "10.180"]
[White "Gardarsson, Hordur"]
[Black "Yilmaz, Kazim"]
[Result "0-1"]
[WhiteElo "1710"]
[BlackElo "1527"]
[WhiteFideId "2303604"]
[BlackFideId "1514326"]
[EventDate "2017.07.22"]

1. d4 Nf6 2. c4 e6 3. g3 Bb4+ 4. Bd2 Qe7 5. Nc3 d5 6. Bg2 c6 7. cxd5 exd5 8. Nf3
O-O 9. O-O Re8 10. Re1 Nbd7 11. a3 Bd6 12. b4 Nf8 13. Rc1 Bf5 14. Be3 Ne4 15.
Qb3 Nxc3 16. Rxc3 Be4 17. b5 cxb5 18. Qxb5 Bxa3 19. Rec1 Bxc1 20. Rxc1 Rec8 21.
Rxc8 Rxc8 22. Ne5 Ng6 0-1

[Event "Xtracon Chess Open 2017"]
[Site "Helsingor DEN"]
[Date "2017.07.30"]
[Round "10.181"]
[White "Lindgaard, Tobias Simon"]
[Black "Jacobsen, Caroline Beer"]
[Result "0-1"]
[WhiteElo "1705"]
[BlackElo "1538"]
[WhiteFideId "1419820"]
[BlackFideId "1510649"]
[EventDate "2017.07.22"]

1. c4 e5 2. Nc3 Nf6 3. d3 d5 4. cxd5 Nxd5 5. Nf3 Nc6 6. a3 Be7 7. Bd2 O-O 8. e4
Nb6 9. b4 Bf6 10. Be2 Nd4 11. Rc1 Nxe2 12. Qxe2 Bg4 13. h3 Be6 14. g4 g6 15. Bh6
Re8 16. Qe3 Qd7 17. g5 Bh8 18. h4 Red8 19. Rd1 Na4 20. Ne2 Nb2 21. Rd2 Nxd3+ 22.
Kf1 Bh3+ 23. Kg1 Qg4+ 24. Ng3 Nf4 25. Rxd8+ Rxd8 26. Kh2 Rd3 27. Qc5 Ne6 28. Qe7
Rd8 29. Rd1 Rb8 30. Rd3 Nd4 31. Ng1 Qd7 32. Qc5 b6 33. Qc1 Bg4 34. f3 Be6 35. h5
Qe7 36. N1e2 c5 37. Nxd4 exd4 38. f4 c4 39. Rf3 Bg4 40. Rf2 c3 41. f5 Be5 42.
hxg6 hxg6 43. f6 Qc7 44. Rg2 d3 45. Qe1 d2 46. Rxd2 cxd2 47. Qxd2 Bxg3+ 48. Kg2
Bf4 49. Qe1 Qc2+ 50. Kg1 Bh2+ 51. Kh1 Bf3# 0-1

[Event "Xtracon Chess Open 2017"]
[Site "Helsingor DEN"]
[Date "2017.07.30"]
[Round "10.182"]
[White "Gutierrez Bolado, Juan Antonio"]
[Black "Gade, Jens"]
[Result "1-0"]
[WhiteElo "1696"]
[BlackElo "1523"]
[WhiteFideId "2298708"]
[BlackFideId "1416111"]
[EventDate "2017.07.22"]

1. e4 c5 2. Nf3 d6 3. d4 cxd4 4. Nxd4 Nf6 5. Nc3 a6 6. Bg5 e6 7. f4 Be7 8. Qf3
Nc6 9. O-O-O Nd7 10. Bxe7 Qxe7 11. f5 Qg5+ 12. Kb1 Nde5 13. Qe2 Qe7 14. h4 Bd7
15. g4 O-O-O 16. Bg2 Nxd4 17. Rxd4 Bc6 18. Rhd1 Qxh4 19. Na4 Bxa4 20. Rxa4 Qxg4
21. Qd2 Rd7 22. Rd4 Rhd8 23. Qf2 Nc6 24. Bf3 Qf4 25. Rc4 exf5 26. Qe2 fxe4 27.
Bxe4 d5 28. Rxc6+ bxc6 29. Qxa6+ Kb8 30. Qb6+ Rb7 31. Qxd8+ Ka7 32. Qa5+ Kb8 33.
Bd3 Qb4 34. Qxb4 Rxb4 35. Bxh7 g6 36. Rf1 Re4 37. c3 Re7 38. Rf6 Kb7 39. Bg8 g5
40. Rxf7 Rxf7 41. Bxf7 1-0

[Event "Xtracon Chess Open 2017"]
[Site "Helsingor DEN"]
[Date "2017.07.30"]
[Round "10.183"]
[White "Morling, Aase"]
[Black "Sondergaard, Lars"]
[Result "1-0"]
[WhiteElo "1512"]
[BlackElo "1686"]
[WhiteFideId "1440993"]
[BlackFideId "1406973"]
[EventDate "2017.07.22"]

1. e4 e5 2. Nf3 Nc6 3. Bc4 Be7 4. d4 exd4 5. Nxd4 Ne5 6. Bb3 d6 7. O-O Nf6 8.
Nc3 a6 9. Re1 O-O 10. Nd5 Nxd5 11. exd5 Bg4 12. f3 Bc8 13. c4 Bh4 14. Re3 Bg5
15. Re1 Bxc1 16. Rxc1 b6 17. Rc3 Bb7 18. f4 Nd7 19. Rce3 1-0

[Event "Xtracon Chess Open 2017"]
[Site "Helsingor DEN"]
[Date "2017.07.30"]
[Round "10.184"]
[White "Joa, Sander"]
[Black "Madsen, Dennis"]
[Result "0-1"]
[WhiteElo "1480"]
[BlackElo "1671"]
[WhiteFideId "1523481"]
[BlackFideId "1425919"]
[EventDate "2017.07.22"]

1. e4 d5 2. Nc3 Nf6 3. exd5 Nxd5 4. Be2 Bf5 5. Bf3 c6 6. Nge2 e6 7. h4 Qb6 8. g4
Bxc2 9. Qxc2 Nb4 10. Qb1 Nd7 11. a3 Ne5 12. Bxc6+ Qxc6 13. Rf1 Nbd3+ 14. Kd1 Rd8
15. Qc2 Bc5 16. Ng3 Qf3+ 17. Nge2 O-O 18. Na4 Nxf2+ 19. Ke1 Ned3+ 20. Qxd3 Nxd3+
21. Kd1 Qxf1+ 22. Kc2 Qxe2 23. Nc3 Ne1+ 24. Kb1 Qxg4 0-1

[Event "Xtracon Chess Open 2017"]
[Site "Helsingor DEN"]
[Date "2017.07.30"]
[Round "10.185"]
[White "Rygg, Andreas Gangstad"]
[Black "Hjornevik, Oyvind"]
[Result "1-0"]
[WhiteElo "1633"]
[BlackElo "1365"]
[WhiteFideId "1527754"]
[BlackFideId "1516159"]
[EventDate "2017.07.22"]

1. e4 c5 2. Be2 d6 3. f4 Nf6 4. d3 Nc6 5. Nf3 e6 6. O-O Be7 7. c3 O-O 8. Na3 Qb6
9. Kh1 Rd8 10. Nc2 c4 11. Rb1 Ng4 12. d4 Na5 13. Ne3 Nxe3 14. Bxe3 d5 15. Nd2
Qc6 16. exd5 Qxd5 17. Bf3 Qd7 18. Qe2 Qc7 19. b4 cxb3 20. Nxb3 Nxb3 21. Rxb3 Rb8
22. Rfb1 b6 23. a4 Bd7 24. Qa2 Rbc8 25. Bd2 Bc6 26. Bxc6 Qxc6 27. a5 bxa5 28.
Qxa5 Rd7 29. Qb5 Qxb5 30. Rxb5 h6 31. h3 Kh7 32. f5 exf5 33. Rxf5 f6 34. Ra5
Rcc7 35. Kg1 Kg6 36. Kf2 f5 37. Ke2 Bg5 38. Rf1 Bxd2 39. Kxd2 Rf7 40. Kd3 Kg5
41. c4 g6 42. d5 Rfe7 43. d6 Rcd7 44. c5 Re4 45. Rfa1 Re5 46. Kd4 Ree7 47. Kd5
Kf6 48. Kc6 Rg7 49. Re1 g5 50. Kd5 1-0

[Event "Xtracon Chess Open 2017"]
[Site "Helsingor DEN"]
[Date "2017.07.30"]
[Round "10.186"]
[White "Svane, Freja"]
[Black "Easwaralingam, Janith"]
[Result "0-1"]
[WhiteElo "1451"]
[BlackElo "1621"]
[WhiteFideId "12940100"]
[BlackFideId "1448560"]
[EventDate "2017.07.22"]

1. e4 g6 2. d4 Bg7 3. Nf3 d6 4. Be3 a6 5. Nbd2 Nd7 6. Be2 Ngf6 7. h3 c5 8. c3 b6
9. O-O O-O 10. a4 Bb7 11. Qc2 Rc8 12. dxc5 bxc5 13. Bd3 Bc6 14. Bxa6 Rb8 15. Bd3
Qb6 16. b4 Qc7 17. Rfb1 cxb4 18. cxb4 Qb7 19. b5 Bxe4 20. Nxe4 Nxe4 21. Bxe4 d5
22. Bxd5 Qxd5 23. Ra3 Rfc8 24. Qa2 Qe4 25. Qd2 Qxb1+ 26. Kh2 Nb6 27. Bxb6 Rxb6
28. Qd7 Rbb8 29. Qxe7 Bf8 30. Qh4 Bxa3 31. Ng5 h5 32. Qf4 Qf5 33. Qg3 h4 34.
Qxa3 Qf4+ 35. g3 hxg3+ 0-1

[Event "Xtracon Chess Open 2017"]
[Site "Helsingor DEN"]
[Date "2017.07.30"]
[Round "10.187"]
[White "Nilssen, Steinar"]
[Black "Jacobsen, Jerlow Lytomt"]
[Result "1-0"]
[WhiteElo "1608"]
[BlackElo "1415"]
[WhiteFideId "1525620"]
[BlackFideId "1521390"]
[EventDate "2017.07.22"]

1. d4 e6 2. Nf3 d5 3. Bf4 Nf6 4. Nbd2 c5 5. e3 Nc6 6. c3 Be7 7. Bd3 O-O 8. Ne5
cxd4 9. exd4 Nxe5 10. dxe5 Nd7 11. h4 f5 12. Nf3 Nc5 13. Ng5 h6 14. Nf3 Qb6 15.
b3 Ne4 16. Qc2 Nxc3 17. Be3 Qa5 18. Bd2 Bb4 19. a3 Bd7 20. O-O Rac8 21. Qb2 Na4
22. bxa4 Bxd2 23. Qxd2 Qxd2 24. Nxd2 Bxa4 25. Rfc1 Rc6 26. Rab1 Rfc8 27. Rxc6
Bxc6 28. Bb5 Bxb5 29. Rxb5 b6 30. Rb3 Kf8 31. Kf1 Ke7 32. Nf3 Rc4 33. Ke2 d4 34.
Kd3 Rc3+ 35. Rxc3 dxc3 36. Kxc3 Kd7 37. Nd4 a6 38. a4 b5 39. axb5 axb5 40. Nxb5
Kc6 41. Kc4 g5 42. h5 Kd7 43. Nd6 Ke7 44. Kc5 g4 45. g3 Kf8 46. Kc6 Ke7 47. Kc7
Kf8 48. Kd7 Kg7 49. Kxe6 Kf8 50. Kf6 Kg8 51. e6 Kf8 52. e7+ Kg8 53. e8=Q+ 1-0

[Event "Xtracon Chess Open 2017"]
[Site "Helsingor DEN"]
[Date "2017.07.30"]
[Round "10.188"]
[White "Aasen, Fredrik"]
[Black "Hansen, Tommy"]
[Result "1/2-1/2"]
[WhiteElo "1430"]
[BlackElo "1785"]
[WhiteFideId "1539060"]
[BlackFideId "1511009"]
[EventDate "2017.07.22"]

1. e4 d5 2. exd5 Nf6 3. Bb5+ Bd7 4. Bc4 Bg4 5. f3 Bf5 6. Nc3 Nbd7 7. Nge2 Nb6 8.
Nd4 Nxc4 9. Nxf5 Nxd5 10. Qe2 Ncb6 11. Ne3 Nxe3 12. dxe3 e6 13. O-O c6 14. e4
Qc7 15. Be3 Bd6 16. f4 O-O 17. e5 Be7 18. Ne4 Nd5 19. Kh1 b5 20. Rf3 f5 21. Nd2
Nxe3 22. Rxe3 Rad8 23. Rh3 g6 24. Nb3 Rd7 25. Rd1 Rfd8 26. Rhd3 Kf7 27. Rxd7
Rxd7 28. Rxd7 Qxd7 29. Qd3 Qxd3 30. cxd3 Ke8 31. Kg1 Kd7 32. Kf1 Bd8 33. Ke2 Bb6
34. d4 a5 35. Kd3 a4 36. Nc5+ Bxc5 37. dxc5 Ke7 38. Kc3 Kd7 39. b3 axb3 40. axb3
Kc7 41. Kd3 Kd7 42. Ke3 Ke7 43. h3 Kf7 44. g4 h5 45. Kf3 h4 46. gxf5 gxf5 47.
Ke3 Ke7 48. Kd3 Kd7 49. Kc3 Kc7 50. Kb4 Kb7 51. Ka5 Ka7 52. Kb4 Ka6 53. Ka3 Ka5
54. b4+ Ka6 1/2-1/2

[Event "Xtracon Chess Open 2017"]
[Site "Helsingor DEN"]
[Date "2017.07.30"]
[Round "10.189"]
[White "Bernstein, Jonas August"]
[Black "Dahl, Ian"]
[Result "1-0"]
[WhiteElo "1665"]
[BlackElo "1347"]
[WhiteFideId "1532154"]
[BlackFideId "1520210"]
[EventDate "2017.07.22"]

1. d4 d5 2. c4 c6 3. Nf3 Nf6 4. Nc3 Bf5 5. cxd5 cxd5 6. Qb3 Qd7 7. Ne5 Qc7 8.
Bf4 e6 9. Ng6 Qd7 10. Nxh8 Nc6 11. e3 a6 12. Be2 h6 13. h3 g5 14. Bh2 Rc8 15.
O-O h5 16. Na4 Bg7 17. Nb6 Qd8 18. Nxc8 Qxc8 19. Nxf7 Kxf7 20. Rac1 Ne4 21.
Bxh5+ Kg8 22. Rfd1 Qd7 23. Qb6 Nf6 24. Be2 Bf8 25. Bxa6 Qh7 26. Qxb7 Ne7 27. Bf1
g4 28. Qc7 gxh3 29. gxh3 Ne4 30. a4 Bg7 31. Qxe7 Qg6+ 32. Bg2 Bxh3 33. Rc8+ Kh7
34. Qh4+ 1-0

[Event "Xtracon Chess Open 2017"]
[Site "Helsingor DEN"]
[Date "2017.07.30"]
[Round "10.190"]
[White "Starup, Leo"]
[Black "Jacobsen, Stig Jerlow"]
[Result "1-0"]
[WhiteElo "1629"]
[BlackElo "1209"]
[WhiteFideId "1422669"]
[BlackFideId "1519816"]
[EventDate "2017.07.22"]

1. e4 d5 2. exd5 Nf6 3. c4 e6 4. dxe6 Bxe6 5. d3 Qe7 6. Be2 Nc6 7. Nf3 O-O-O 8.
b3 Nd4 9. O-O Nxe2+ 10. Qxe2 Qd7 11. Rd1 Bd6 12. Nc3 Rhe8 13. Be3 Bg4 14. Nb5
Bc5 15. d4 Bd6 16. Nxa7+ Kb8 17. Nb5 Bf4 18. Re1 Bxe3 19. fxe3 Ne4 20. Rac1 Re6
21. Qc2 Bxf3 22. gxf3 Rg6+ 23. Kh1 Nf6 24. Rg1 Qe6 25. Rxg6 hxg6 26. Qf2 Rh8 27.
Rg1 c6 28. Qg3+ 1-0

[Event "Xtracon Chess Open 2017"]
[Site "Helsingor DEN"]
[Date "2017.07.30"]
[Round "10.191"]
[White "Christoffersen, Micki Aron"]
[Black "Kristensen, Thomas Overgaard"]
[Result "0-1"]
[WhiteElo "1444"]
[BlackElo "1610"]
[WhiteFideId "1454021"]
[BlackFideId "1419803"]
[EventDate "2017.07.22"]

1. e4 c6 2. d4 d5 3. e5 c5 4. c3 cxd4 5. cxd4 Nc6 6. Nf3 Bg4 7. Bb5 Qb6 8. Bxc6+
Qxc6 9. Nc3 e6 10. h3 Bxf3 11. Qxf3 Bb4 12. Bd2 Ne7 13. a3 Ba5 14. O-O Bb6 15.
Be3 O-O 16. Rac1 Qd7 17. Rfd1 Rac8 18. Ne2 Nf5 19. Bf4 Rxc1 20. Bxc1 Rc8 21. g4
Nxd4 22. Nxd4 Bxd4 23. Rxd4 Rxc1+ 24. Kg2 Qc7 25. Rb4 h6 26. Qf4 Re1 27. Qg3 b6
28. a4 Qxe5 29. Qxe5 Rxe5 30. f3 Re2+ 31. Kg3 e5 32. Rb3 d4 33. h4 f6 34. h5 Kf7
35. Rb5 Ke6 36. Rb3 Kd5 37. Rb5+ Kc4 38. b3+ Kc3 39. Rd5 d3 40. Rd7 d2 41. g5
Re1 42. gxf6 gxf6 43. Kg4 d1=Q 44. Rxd1 Rxd1 45. Kf5 Kd4 46. Kxf6 Rf1 47. Kg6
Rxf3 48. Kxh6 Rg3 0-1

[Event "Xtracon Chess Open 2017"]
[Site "Helsingor DEN"]
[Date "2017.07.30"]
[Round "10.192"]
[White "Bredeli, Havard Iversen"]
[Black "Persson, Lars 1958"]
[Result "1-0"]
[WhiteElo "1443"]
[BlackElo "1590"]
[WhiteFideId "1514440"]
[BlackFideId "1742469"]
[EventDate "2017.07.22"]

1. d4 Nf6 2. Nf3 g6 3. c4 Bg7 4. Nc3 O-O 5. Bg5 d6 6. e3 b6 7. Bd3 Bb7 8. O-O
Nbd7 9. Re1 Re8 10. Rc1 e5 11. d5 h6 12. Bxf6 Nxf6 13. e4 Bc8 14. h3 Bd7 15. b3
Qc8 16. Bf1 Nh5 17. Ne2 g5 18. Nd2 Nf4 19. Nxf4 exf4 20. Qf3 Be5 21. Qh5 Kg7 22.
Be2 Rf8 23. Nf3 f6 24. Nh2 f5 25. exf5 Bxf5 26. Bg4 Qe8 27. Qxe8 Raxe8 28. Bh5
Bg6 29. Bg4 Bb2 30. Rxe8 Rxe8 31. Rf1 Bd3 32. Rd1 Be2 33. Re1 Bxg4 34. Rxe8 Bf5
35. Re7+ Kf6 36. Rxc7 a5 37. Rc6 Bb1 38. a4 Bc2 39. Rxd6+ Ke5 40. Rxb6 Bc3 41.
Nf3+ 1-0

[Event "Xtracon Chess Open 2017"]
[Site "Helsingor DEN"]
[Date "2017.07.30"]
[Round "10.193"]
[White "Ronnestad, Liam Jansson"]
[Black "Erikstad, Anders"]
[Result "1-0"]
[WhiteElo "1569"]
[BlackElo "1166"]
[WhiteFideId "1523384"]
[BlackFideId "1530445"]
[EventDate "2017.07.22"]

1. d4 d5 2. c4 e6 3. Nc3 Nf6 4. Nf3 Nc6 5. e3 b6 6. cxd5 Nxd5 7. Bb5 Bd7 8. e4
Nf6 9. a3 Be7 10. Bf4 a6 11. Bd3 b5 12. b4 O-O 13. Rc1 Bc8 14. Nxb5 Bxb4+ 15.
axb4 axb5 16. Rxc6 Bb7 17. Rxc7 Bxe4 18. Bxe4 Nxe4 19. O-O Nd6 20. Rc5 Rb8 21.
Qd3 Ra8 22. Bxd6 Qxd6 23. Qxb5 Qf4 24. Qc4 g6 25. Qc1 Qb8 26. Qh6 f6 27. Rfc1
Qxb4 28. Rc7 Rf7 29. Rxf7 Kxf7 30. Qxh7+ Kf8 31. Qh8+ Kf7 32. Rc7+ Qe7 33. Qh7+
Kf8 34. Qxe7+ Kg8 35. Qg7# 1-0

[Event "Xtracon Chess Open 2017"]
[Site "Helsingor DEN"]
[Date "2017.07.30"]
[Round "10.194"]
[White "Lenaerts, Robbe"]
[Black "Hina, Ariza"]
[Result "0-1"]
[WhiteElo "1386"]
[BlackElo "1555"]
[WhiteFideId "236853"]
[BlackFideId "1525441"]
[EventDate "2017.07.22"]

1. d4 d5 2. Nf3 Nf6 3. e3 Bf5 4. b3 e6 5. Bb2 Be7 6. Nbd2 Nbd7 7. Be2 O-O 8. O-O
c5 9. Ne5 Bd6 10. Nxd7 Nxd7 11. Nf3 a6 12. Ne5 f6 13. Nf3 Qe8 14. c4 dxc4 15.
Bxc4 b5 16. Be2 Rd8 17. Qe1 Bc7 18. Qc3 Qe7 19. dxc5 Nxc5 20. Nd4 Qd6 21. Ba3
Qxh2# 0-1

[Event "Xtracon Chess Open 2017"]
[Site "Helsingor DEN"]
[Date "2017.07.30"]
[Round "10.195"]
[White "Stage, Mathias Juul"]
[Black "Cort Maleeva Hansen, Andreas Philip"]
[Result "1-0"]
[WhiteElo "1544"]
[BlackElo "1308"]
[WhiteFideId "1463306"]
[BlackFideId "1462636"]
[EventDate "2017.07.22"]

1. Nf3 Nf6 2. g3 g6 3. Bg2 Bg7 4. c4 c5 5. d3 Nc6 6. Bf4 d6 7. Qd2 Qa5 8. Nc3 h5
9. Rd1 Bd7 10. O-O O-O-O 11. Nb5 Qxd2 12. Rxd2 a6 13. Nc3 Bh6 14. Bxh6 Rxh6 15.
d4 cxd4 16. Nxd4 Ne5 17. Rfd1 Nxc4 18. Rc2 Kb8 19. Nd5 Nxd5 20. Bxd5 Ne5 21.
Rdc1 e6 22. Bf3 Nxf3+ 23. Nxf3 f6 24. e4 Rhh8 25. Rd2 Bc8 26. Rcd1 Kc7 27. Nh4
g5 28. Ng6 Rh7 29. e5 Rg7 30. exd6+ Kd7 31. Ne7 b6 32. Rc1 Rxe7 33. Rc7+ Ke8 34.
Rxe7+ Kf8 35. Rc7 Ke8 36. Rxc8 Rxc8 37. d7+ Kd8 38. dxc8=Q+ Kxc8 39. Rd6 Kc7 40.
Rxe6 f5 41. Re5 f4 42. Rxg5 fxg3 43. fxg3 Kd7 44. Rxh5 Ke7 45. Rf5 Ke6 46. Rf1
Ke5 47. h4 Ke6 48. h5 Ke5 49. h6 Ke6 50. h7 Ke5 51. h8=Q+ Ke4 52. Qd8 Ke3 53.
Re1+ Kf3 54. Qf8+ Kg4 55. Qf4+ Kh5 56. Rf1 Kg6 57. Qg4+ Kh6 58. Rf5 Kh7 59. Rh5# 1-0

[Event "Xtracon Chess Open 2017"]
[Site "Helsingor DEN"]
[Date "2017.07.30"]
[Round "10.196"]
[White "Von Knobloch, Hanno"]
[Black "Skjoldager, Morten"]
[Result "1/2-1/2"]
[WhiteElo "1356"]
[BlackElo "1538"]
[WhiteFideId "12993247"]
[BlackFideId "1434322"]
[EventDate "2017.07.22"]

1. e4 e5 2. Nf3 Nc6 3. Bc4 Bc5 4. c3 Nf6 5. d4 exd4 6. cxd4 Bb4+ 7. Nc3 Nxe4 8.
O-O Bxc3 9. bxc3 Ne7 10. Ne5 d5 11. Bb3 O-O 12. Qf3 Ng6 13. Qd3 c6 14. f3 Nd6
15. Re1 Re8 16. Bd2 Bf5 17. Qf1 Qf6 18. g4 Be6 19. Nd3 Bd7 20. Qf2 Re6 21. Nc5
Rxe1+ 22. Rxe1 Be6 23. Nxe6 fxe6 24. Qg3 Rd8 25. Bc2 Nc4 26. Bc1 Rf8 27. f4 1/2-1/2

[Event "Xtracon Chess Open 2017"]
[Site "Helsingor DEN"]
[Date "2017.07.30"]
[Round "10.197"]
[White "Wahlgreen, Noah"]
[Black "Jensen, Hans Askov"]
[Result "0-1"]
[WhiteElo "1315"]
[BlackElo "1481"]
[WhiteFideId "1457349"]
[BlackFideId "1419889"]
[EventDate "2017.07.22"]

1. d4 Nf6 2. e3 c5 3. Nf3 g6 4. Bd3 Bg7 5. O-O cxd4 6. exd4 O-O 7. Bf4 d6 8. c4
Bg4 9. h3 Bd7 10. Nc3 Qb6 11. Qd2 Nc6 12. Be3 Qc7 13. Bh6 e5 14. Nb5 Qb8 15.
dxe5 dxe5 16. Bxg7 Kxg7 17. Rfe1 Re8 18. Bc2 Be6 19. Nd6 Rd8 20. c5 b6 21. b4
bxc5 22. bxc5 Nd7 23. Rab1 Qc7 24. Rb7 Qa5 25. Bb3 Nxc5 26. Rb5 Qxd2 27. Nxd2
Nxb3 28. Nxb3 Rxd6 0-1

[Event "Xtracon Chess Open 2017"]
[Site "Helsingor DEN"]
[Date "2017.07.30"]
[Round "10.198"]
[White "Hestholm, Freddy"]
[Black "Jacobsen, Fredrik Lytomt"]
[Result "0-1"]
[WhiteElo "1249"]
[BlackElo "1551"]
[WhiteFideId "1529951"]
[BlackFideId "1519808"]
[EventDate "2017.07.22"]

1. e4 c5 2. d4 e6 3. d5 Nf6 4. Nc3 exd5 5. e5 d4 6. exf6 dxc3 7. Qe2+ Be7 8.
fxe7 Qxe7 9. Qxe7+ Kxe7 10. bxc3 b6 11. Nf3 Bb7 12. Be2 Nc6 13. c4 Nb4 14. O-O
Nxc2 15. Rb1 Be4 16. Rb2 f6 17. Nd2 Bf5 18. Re1 Nxe1 19. g4 Bd3 20. Kf1 Bxe2+
21. Kxe2 Ng2 22. f3 Rhe8 23. Ne4 Rad8 24. Kd3 Nh4 25. Re2 Nxf3 26. Bf4 Kf8 27.
Rf2 d5 28. Bd6+ Kg8 29. cxd5 Ne5+ 30. Bxe5 Rxd5+ 31. Kc4 Rexe5 32. Nc3 Rd4+ 33.
Kb5 Rxg4 34. Kc6 Reg5 35. Nd5 Rg2 36. Rf4 R2g4 37. Rf3 Rd4 38. Nf4 Rf5 39. Re3
Rfxf4 40. Re7 Ra4 41. Kd7 Rfe4 0-1

[Event "Xtracon Chess Open 2017"]
[Site "Helsingor DEN"]
[Date "2017.07.30"]
[Round "10.199"]
[White "Jacobsen, Harald Kittel Lytomt"]
[Black "Jensen, Jonbert M. S."]
[Result "0-1"]
[WhiteElo "1242"]
[BlackElo "1515"]
[WhiteFideId "1533460"]
[BlackFideId "1435914"]
[EventDate "2017.07.22"]

1. e4 d6 2. d4 Nf6 3. Nc3 g6 4. Bc4 Bg7 5. Nge2 O-O 6. f4 e5 7. Be3 Ng4 8. Qd2
Nxe3 9. Qxe3 a6 10. O-O-O Qe8 11. Rhg1 b5 12. Bd3 Bg4 13. h3 exd4 14. Nxd4 Bxd1
15. Nxd1 c5 16. Nf3 Nc6 17. c3 Rb8 18. g4 Qe7 19. f5 Ne5 20. g5 Nxf3 21. Qxf3
Qe5 22. h4 a5 23. h5 b4 24. hxg6 fxg6 25. Bc4+ Kh8 26. f6 bxc3 27. fxg7+ Kxg7
28. Qxc3 Qxc3+ 29. Nxc3 Rf2 30. Nd1 Rf4 31. Bd5 Rbf8 32. Re1 Rf1 33. Re2 Rg1 34.
e5 Rxg5 35. Ne3 Rxe5 36. Bc4 Rf4 37. Ng2 Rxc4+ 38. Kd1 Rg4 39. Rxe5 dxe5 40. Ne3
Rg3 41. Nd5 Rd3+ 0-1